=LDR 00000nam 2200000 4500 =001 INLIS000000000009520 =005 20200312022338 =035 ##$$a 0010-061300000009520 =008 200312################g##########0#ind## =041 ##$$a Ind =082 ##$$a 264 =090 ##$$a 264, Kla-s =100 ##$$a Klauser, Theodor =245 1#$$a Sejarah singkat liturgi barat /$c Theodor Klauser =260 ##$$a Yogyakarta :$b Kanisius,$c 1991 =300 ##$$a 187 hlm. ; $c 15x21 cm. =650 #4$$a Liturgi =850 ##$$a NBPNMAT =020 ##$$a 979-413-671-9 =084 ##$$a 264 KLA s =990 ##$$a 72.842 pro.94 =990 ##$$a 72.843 pro.94